| 000 | 00840nam a22002057a 4500 | ||
|---|---|---|---|
| 999 |
_c19069 _d19069 |
||
| 003 | AR-CdUCM | ||
| 008 | 190516b ||||| |||| 00| 0 spa d | ||
| 040 |
_aMUNICIPALIDAD PROVINCIAL DEL CUSCO _cBIBLIOTECA MUNICIPAL DEL CUSCO |
||
| 082 |
_22ed _a330.985 / _bB23 |
||
| 100 |
_aBarreto, Emilio G _926054 |
||
| 245 | _aCrisis de la economía peruana 1980-1983 / | ||
| 260 |
_aLima : _bBanco Central de Reserva del Perú, Fondo Editorial, _c1990. |
||
| 300 |
_a215 páginas ; _c22 cm. |
||
| 505 | _aContenido: ¿En 1980 que esperaba en Perú del nuevo gobierno? -- Objetivos reales de las política de desarrollo sin inflación y con estabilidad monetaria... | ||
| 650 |
_aPolítica económica _91407 |
||
| 650 |
_aEconomía _9382 |
||
| 650 |
_aBanco Central de Reserva del Perú _940161 |
||
| 942 |
_2ddc _cLIBROS |
||
| 945 |
_adavv _d2019-05-16 |
||